000 00319nam a2200133Ia 4500
005 20251222144822.0
008 251222s9999||||xx |||||||||||||| ||spa||
082 _a070.5/T79
100 _aTrenti Rocamora, José Luís
245 0 _aQué hacer con mi Libro
250 _a9a.ed.
264 _bAiresDunken
942 _cLIB
999 _c20504
_d20504